000 00346nam a22001457a 4500
008 250422b ||||| |||| 00| 0 eng d
020 _a9780521640664
041 _aeng
080 _21999
_a101GUI
082 _2101GUI
_a101GUI
100 _a42
101 _aFILOZOFI
245 _aREADING THE PRINCIPIA
_cNICCOLO GUICCIARDINI
942 _2udc
_cBK
999 _c60684
_d60684